01958agaaa2200349 45000010005000000030009000050050017000140070009000310080040000400400023000800410013001031000054001161300029001702400031001992450144002302460024003742500022003982600091004203000033005115080112005445110091006565200310007475380016010575460013010736500061010867000058011477000067012057000066012729420012013389990019013509520239013698299IT-RoPAU20220918181234.0d cvaizq50131s9999||||xx ||| | || ||und|| aIT-RoPAUcIT-RoPAU aITALIANO aLubitsch ErnstgCodice regista SPICS: 1570941956 aMANCIA COMPETENTE941957 aTROUBLE IN PARADISEgT0217 aMANCIA COMPETENTEcSceneggiatura: Raphaelson Samson -- Diretto da: Lubitsch ErnstpMANCIA COMPETENTE (Rif. Codice opera principale : 48299) aTROUBLE IN PARADISE aEdizione Standard a(USA)bPARAMOUNT / Distribuzione: RAIg"1932 (1° ed.: 1986 ; Ed. Lingua Orig.: 1932)" aVHSbsonoro, b&wc100 minuti a"Fotografia: Milner Victor; Musica: Harling ; Sceneggiatura: Raphaelson Samson; Scenografia: Dreier Hans; " a"Hopkins Miriam; Francis Kay; Marshall Herbert; Ruggles Charles; Everett; Horton Edwa" aUNA COPPIA DI SIMPATICI E ABILISSIMI LADRI DI GIOIELLI SI INTRUFOLA NELLA CASA DI UNA RICCA SIGNORA PARIGINA L'UOMO SI SPACCIA PER SEGRETARIO LA RAGAZZA PER DATTILOGRAFA IL GIOVANOTTO E LA SIGNORA FINIRANNO PER INNAMORARSI MA LA LORO STORIA FINIRA' MALINCONICAMENTE NEL NULLA FILM COMMEDIA IN BIANCOE NERO aPAL, STEREO aITALIANO aCOMMEDIAeFILMS [VHS]xCodice MATERIA SPICS: 9960941958 aHarling e(musica)gCodice Musica SPICS: 15796941959 aJones Grover e(soggetto)gCodice Soggetto SPICS: 32287941960 aLubitsch Ernst e(regista)gCodice regista SPICS: 1570941961 cVH2ddc c105533d105533 001040648299_00000000000000071aSPICSbSPICSd2015-01-31l0o48299r2015-01-31 00:00:00w2015-01-31yVHzProgr. Ins.: 2099 / N.Vol.:1 / Copie: 1 / Pag.: / Copia rara: n.d. / date import: 1.2.2015 / By Epidotti, Trombetti, Vaglietti